All FA Cup Finalists - Statistics

General Stats
  • This quiz has been taken 130 times
    107 since last reset
  • The average score is 46 of 57
Answer Stats
Team % Correct
Arsenal
99%
Manchester United
99%
Chelsea
98%
Manchester City
98%
Aston Villa
96%
Newcastle United
96%
Tottenham Hotspur
96%
Wolverhampton Wanderers
96%
Liverpool
95%
Cardiff City
94%
Everton
94%
West Ham United
94%
Burnley
93%
Southampton
93%
West Bromwich Albion
93%
Hull City
91%
Portsmouth
91%
Blackburn Rovers
90%
Coventry City
90%
Leeds United
90%
Queens Park Rangers
90%
Sunderland
90%
Leicester City
89%
Bolton Wanderers
88%
Brighton & Hove Albion
88%
Fulham
88%
Ipswich Town
88%
Nottingham Forest
88%
Crystal Palace
86%
Derby County
86%
Wigan Athletic
86%
Blackpool
85%
Middlesbrough
85%
Sheffield United
84%
Sheffield Wednesday
84%
Watford
83%
Barnsley
81%
Wimbledon
81%
Charlton Athletic
78%
Preston North End
78%
Stoke City
78%
Birmingham City
77%
Bradford City
77%
Huddersfield Town
77%
Bristol City
74%
Notts County
73%
Luton Town
72%
Bury
69%
Millwall
65%
Wanderers
47%
Old Etonians
46%
Oxford University
44%
Royal Engineers
40%
Blackburn Olympic
37%
Queen's Park
31%
Old Carthusians
30%
Clapham Rovers
27%
No matching quizzes found
Score Distribution
Percent of People with Each Score
Percentile by Number Answered
Your Score History
You have not taken this quiz since the last reset